Introducción a la teoría analítica de los números
Đã lưu trong:
| Tác giả chính: | |
|---|---|
| Định dạng: | Sách |
| Ngôn ngữ: | Tiếng Tây Ban Nha |
| Được phát hành: |
Barcelona
Reverté S. A
1984
|
| Phiên bản: | 1a. ed |
| Những chủ đề: | |
| Các nhãn: |
Thêm thẻ
Không có thẻ, Là người đầu tiên thẻ bản ghi này!
|
MARC
| LEADER | 00000cam a2200000 a 4500 | ||
|---|---|---|---|
| 001 | UCE9613 | ||
| 003 | CL-VaPUC | ||
| 005 | 20231003124726.0 | ||
| 008 | 151029e19840000sp |||||||||||||||||spa|d | ||
| 999 | |c 361273 |d 361271 | ||
| 020 | |a 9788429150063 | ||
| 040 | |c Pontificia Universidad Católica de Valparaíso | ||
| 082 | 0 | 4 | |a 512.7 |b APO |2 21 |
| 100 | 0 | |a Apostol, Tom M |e author |9 582502 | |
| 245 | 1 | 0 | |a Introducción a la teoría analítica de los números |
| 250 | |a 1a. ed | ||
| 260 | |a Barcelona |b Reverté S. A |c 1984 | ||
| 300 | |a 422 p | ||
| 583 | |a last modification |c 20151029 22:28:00 |k Rodrigo Vera | ||
| 650 | 0 | |a Teoría de números |9 265327 | |
| 650 | 0 | |a Sistemas residuales |x Teorema de Euler/Fermat |9 884880 | |
| 942 | |c BK |2 ddc | ||
| 945 | |d 20151029 22:28:00 |a dcastane | ||